[Event "INDIAN OPEN (superfast Ko)#2"]
[Site "SchemingMind.com"]
[Date "2014.10.31"]
[Round "-"]
[White "Ramesh Panwar"]
[Black "Stephen Woodhouse"]
[Result "1-0"]
[WhiteCountry "IND"]
[BlackCountry "ENG"]
[WhiteElo "2207"]
[WhiteRD "52"]
[BlackElo "1835"]
[BlackRD "49"]
[GameID "368076"]

1. d4 e6 2. e4 d5 3. Nc3 Nf6 4. e5 Nfd7 5. Nf3 c5 6. Nb5 Nc6 7. c3 a6 8. Nd6+ Bxd6 9. exd6 cxd4 10. Nxd4 Nxd4
11. Qxd4 Qf6 12. Be2 Qxd4 13. cxd4 Nf6 14. Bf4 Bd7 15. O-O Bc6 16. a4 Kd7 17. b4 b5 18. axb5 Bxb5 19. Bxb5+ axb5 20. Rfc1 Rhc8
21. Rxa8 Rxa8 22. Rc7+ Ke8 23. Re7+ Kf8 24. h4 Rd8 25. Rb7 Ne8 26. d7 Nf6 27. Bd6+ Kg8 28. Bc7 Rxd7 29. Rb8+
1-0

[Event "INDIAN OPEN (superfast Ko)#2"]
[Site "SchemingMind.com"]
[Date "2014.10.31"]
[Round "-"]
[White "Stephen Woodhouse"]
[Black "Ramesh Panwar"]
[Result "0-1"]
[WhiteCountry "ENG"]
[BlackCountry "IND"]
[WhiteElo "1835"]
[WhiteRD "49"]
[BlackElo "2207"]
[BlackRD "52"]
[GameID "368077"]

1. e4 e5 2. Nf3 Nc6 3. d4 exd4 4. Nxd4 Nf6 5. Nc3 Bb4 6. Nxc6 bxc6 7. Bd3 O-O 8. O-O Re8 9. Bg5 h6 10. Bh4 d6
11. Qf3 g5 12. Bg3 Bg4 13. Qe3 d5 14. Qc1 dxe4 15. Be2 Bxe2 16. Nxe2 e3 17. fxe3 Bd2 18. Qd1 Ng4 19. Bf2 Nxf2 20. Kxf2 Bxe3+
21. Ke1 Qe7 22. Qd3 Rad8 23. Qc4 Bd2+ 24. Kd1 Bf4+ 25. Ke1 Rd4 26. Qa6 Qb4+ 27. c3 Bd2+ 28. Kf2 Be3+ 29. Kf3 Rf4+ 30. Kg3 Rg4+
31. Kh3 Rh4+ 32. Kg3 Qg4#
0-1

[Event "INDIAN OPEN (superfast Ko)#2"]
[Site "SchemingMind.com"]
[Date "2014.11.04"]
[Round "-"]
[White "Scooter"]
[Black "Simon Green"]
[Result "1-0"]
[WhiteCountry "USA"]
[BlackCountry "ENG"]
[WhiteElo "1761"]
[WhiteRD "48"]
[BlackElo "1667"]
[BlackRD "55"]
[GameID "368381"]

1. d4 e6 2. Nf3 d5 3. Bf4 c5 4. e3 Nc6 5. c3 c4 6. Nbd2 Be7 7. Be2 Nf6 8. O-O O-O 9. Qc2 Nd7 10. e4 b5
11. exd5 exd5 12. h3 Nf6 13. Ne5 Nxe5 14. Bxe5 g6 15. Bxf6 Bxf6 16. Qd1 Re8 17. Bg4 Bxg4 18. Qxg4 h5 19. Qf3 Bg5 20. Qd1 Bxd2
21. Qxd2 Qd7 22. Rfe1 Rxe1+ 23. Rxe1 Re8 24. Rxe8+ Qxe8 25. Qe3 Qxe3 26. fxe3 f5 27. h4 Kf7 28. Kf2 Kf6 29. Kf3 g5 30. g3 a5
31. b3 cxb3 32. axb3 b4 33. cxb4 axb4 34. Ke2 f4 35. hxg5+ Kxg5 36. exf4+ Kg4 37. Ke3 Kxg3 38. f5 h4 39. f6 h3 40. f7 h2
41. f8=Q h1=Q 42. Qf4+ Kh3 43. Qh6+ Kg2 44. Qxh1+ Kxh1 45. Kf4 Kg2 46. Ke5
1-0

[Event "INDIAN OPEN (superfast Ko)#2"]
[Site "SchemingMind.com"]
[Date "2014.11.04"]
[Round "-"]
[White "Simon Green"]
[Black "Scooter"]
[Result "1/2-1/2"]
[WhiteCountry "ENG"]
[BlackCountry "USA"]
[WhiteElo "1667"]
[WhiteRD "55"]
[BlackElo "1761"]
[BlackRD "48"]
[GameID "368382"]

1. d4 Nf6 2. e3 g6 3. Bd3 Bg7 4. f4 O-O 5. Nf3 d6 6. O-O Bg4 7. Nbd2 Nbd7 8. Qe1 Bxf3 9. Nxf3 Re8 10. c3 e6
11. b3 a6 12. a4 Bh6 13. Qh4 Bg7 14. Ng5 h6 15. Ne4 Nxe4 16. Qxd8 Raxd8 17. Bxe4 d5 18. Bd3 c5 19. Ba3 cxd4 20. cxd4 Rc8
21. Rac1 Nb6 22. Bc5 Nd7 23. Bd6 Bf8 24. Bxf8 Kxf8 25. b4 Nb6 26. a5 Rxc1 27. Rxc1 Rc8 28. Rxc8+ Nxc8 29. b5 axb5 30. Bxb5 Na7
31. Bd3 Nc6 32. a6 bxa6 33. Bxa6 Nb4 34. Be2 Ke7 35. g4 f5 36. gxf5 exf5 37. h4 Kf6 38. Kf2 g5 39. hxg5+ hxg5 40. fxg5+ Kxg5
41. Kf3 Nc6 42. Bb5=
1/2-1/2

[Event "INDIAN OPEN (superfast Ko)#2"]
[Site "SchemingMind.com"]
[Date "2014.11.11"]
[Round "-"]
[White "Evans9EN"]
[Black "John Hamer"]
[Result "1-0"]
[WhiteCountry "WLS"]
[BlackCountry "ENG"]
[WhiteElo "1851"]
[WhiteRD "77"]
[BlackElo "2039"]
[BlackRD "55"]
[GameID "368766"]

1. c4 Nf6 2. Nc3 d5 3. cxd5 Nxd5 4. g3 g6 5. Bg2 Nb6 6. d3 Bg7 7. Be3 Nc6 8. Bxc6+ bxc6 9. Qc1 h6 10. Nf3 Bh3
11. Rg1 Rb8 12. b3 Bg4 13. Qc2 Nd5 14. Nxd5 Qxd5 15. Rc1 O-O 16. Nd2 Qa5 17. f3 Bd7 18. Kf2 Rb5 19. Nc4 Qa6 20. a4 Re5
21. Nxe5
1-0

[Event "INDIAN OPEN (superfast Ko)#2"]
[Site "SchemingMind.com"]
[Date "2014.11.11"]
[Round "-"]
[White "John Hamer"]
[Black "Evans9EN"]
[Result "1/2-1/2"]
[WhiteCountry "ENG"]
[BlackCountry "WLS"]
[WhiteElo "2039"]
[WhiteRD "55"]
[BlackElo "1851"]
[BlackRD "77"]
[GameID "368767"]

1. d4 Nf6 2. c4 e6 3. Nc3 Bb4 4. Nf3 c5 5. g3 cxd4 6. Nxd4 O-O 7. Bg2 d5 8. cxd5 Nxd5 9. Bd2 Bxc3 10. bxc3 e5
11. Nb3 Nc6 12. O-O Nde7 13. e4 Be6 14. Qe2 Na5 15. Rfd1 Nxb3 16. axb3 Bxb3 17. Rdb1 Be6 18. Rxb7 Nc6 19. Be3 Na5 20. Rxa7 Rxa7
21. Bxa7 Qc7 22. Be3 Nb3 23. Rd1 Qxc3 24. f4 f6 25. Qf2 Ra8 26. h3 Ra1 27. Rxa1 Qxa1+= 28. Kh2 Qc3 29. f5 Bc4 30. g4 Nd4
31. h4=
1/2-1/2

[Event "INDIAN OPEN (superfast Ko)#2"]
[Site "SchemingMind.com"]
[Date "2014.11.17"]
[Round "-"]
[White "fouche"]
[Black "mmccaffe"]
[Result "0-1"]
[WhiteCountry "COL"]
[BlackCountry "USA"]
[WhiteElo "1604"]
[WhiteRD "58"]
[BlackElo "1717"]
[BlackRD "57"]
[GameID "369149"]

1. d4 Nf6 2. Nf3 g6 3. g3 Bg7 4. Bg2 O-O 5. O-O d6 6. Be3 Nbd7 7. Nbd2 e5 8. dxe5 Nxe5 9. Nxe5 dxe5 10. f4 exf4
11. Bxf4 Qd4+ 12. Kh1 Qb6 13. Rb1 Nh5 14. Nb3 Nxf4 15. Rxf4 Be6 16. a4 Rad8 17. Qg1 Qxg1+ 18. Kxg1 Bxb3 19. cxb3 c6 20. Rb4 Rd7
21. a5 a6 22. Re4 Rfd8 23. b4 Rd2 24. Re7 R8d7 25. Rxd7 Rxd7 26. b3 Bc3 27. b5 axb5 28. b4 Rd4 29. a6 bxa6 30. Bxc6 Rxb4
31. Rc1 Bd4+ 32. Kg2 Rc4 33. Rd1 Rxc6 34. Rxd4 Rc4 35. Rd6 a5 36. Ra6 Ra4 37. Kf2 b4 38. Ke3 Ra3+ 39. Kf4 a4 40. Kg5 Kg7
41. Ra7 b3 42. e4 b2
0-1

[Event "INDIAN OPEN (superfast Ko)#2"]
[Site "SchemingMind.com"]
[Date "2014.11.18"]
[Round "-"]
[White "mmccaffe"]
[Black "fouche"]
[Result "1-0"]
[WhiteCountry "USA"]
[BlackCountry "COL"]
[WhiteElo "1718"]
[WhiteRD "59"]
[BlackElo "1638"]
[BlackRD "58"]
[GameID "369150"]

1. c4 Nf6 2. Nc3 e6 3. g3 Nc6 4. Bg2 b6 5. e3 Bb7 6. Nge2 Be7 7. O-O O-O 8. d4 Rb8 9. Qa4 d5 10. cxd5 Nxd5
11. Nxd5 exd5 12. Bd2 Re8 13. Nf4 Na5 14. Bxa5 bxa5 15. Qxa5 c6 16. Qxa7 Qc7 17. Qa4 g5 18. Ne2 Ra8 19. Qc2 Reb8 20. Bxd5 Ba6
21. Bf3 Rb6 22. Rfc1 Rab8 23. b3 Ba3 24. Rd1 c5 25. dxc5 Qxc5 26. Qxc5 Bxc5 27. Nd4 Rd6 28. Rac1 Ba3 29. Rc6 Rxc6 30. Bxc6 h6
31. Nf5 h5 32. Rd7 Rc8 33. Bd5 Rf8 34. Ra7 Bd3 35. Nh6+ Kh7 36. Nxf7 Bc5 37. Nxg5+ Kg6 38. Ne6 Bxa7 39. Nxf8+ Kf5 40. Ne6 Bb1
41. a4 Bc2 42. Nf4 Kg5 43. Ne6+ Kf6 44. Nf4 Kg5 45. Ne6+ Kh6 46. Nd4 Bd1 47. Kf1 Bg4 48. b4 Bd7 49. b5 Bb6 50. Bc6 Bg4
51. Nb3 Bd1 52. Bd5 Kg5 53. Ke1 Bc2 54. Kd2 Bg6 55. a5 Ba7 56. b6
1-0

[Event "INDIAN OPEN (superfast Ko)#2"]
[Site "SchemingMind.com"]
[Date "2014.11.18"]
[Round "-"]
[White "Mastermind_13"]
[Black "kenneth m day"]
[Result "1/2-1/2"]
[WhiteCountry "USA"]
[BlackCountry "USA"]
[WhiteElo "1708"]
[WhiteRD "78"]
[BlackElo "1712"]
[BlackRD "48"]
[GameID "369157"]

1. e4 e5 2. Nf3 Nc6 3. Bb5 d6 4. d4 Bd7 5. d5 Nb4 6. Bxd7+ Qxd7 7. O-O Nf6 8. a3 Na6 9. Re1 Be7 10. c4 Nc5
11. Nc3 c6 12. b4 Na6 13. Qb3 cxd5 14. cxd5 O-O 15. Bb2 Nc7 16. Rac1 Rfc8 17. a4 h6 18. b5 a6 19. b6 Nce8 20. a5 Rc5
21. Ba3 Rxa5 22. Bb4 Rb5 23. Nxb5 Qxb5 24. Qc4 Qxb6 25. Nxe5 dxe5 26. Bxe7 Ng4 27. Bh4 Nd6 28. Qc7 Qb4 29. Be7 Qd4 30. Qxd6 Qxf2+
31. Kh1 Qf4 32. Kg1 Qf2+ 33. Kh1 Qf4 34. Kg1 Qf2+=
1/2-1/2

[Event "INDIAN OPEN (superfast Ko)#2"]
[Site "SchemingMind.com"]
[Date "2014.11.18"]
[Round "-"]
[White "kenneth m day"]
[Black "Mastermind_13"]
[Result "0-1"]
[WhiteCountry "USA"]
[BlackCountry "USA"]
[WhiteElo "1712"]
[WhiteRD "48"]
[BlackElo "1708"]
[BlackRD "78"]
[GameID "369158"]

1. e4 c5 2. d4 e6 3. Nf3 cxd4 4. c3 Nc6 5. Bg5 Qb6 6. Qc2 h6 7. Bh4 Be7 8. Bg3 Nf6 9. Be2 O-O 10. O-O d5
11. Nbd2 dxe4 12. Nxd4 Nxd4 13. cxd4 Bd7 14. Be5 Rac8 15. Qb3 Qxb3 16. Nxb3 Rc2 17. Bd1 Rc6 18. Na5 Rb6 19. Nc4 Rc6 20. b3 Nd5
21. Bc2 f5 22. Rac1 Nb4 23. Bb1 b5 24. Ne3 Rfc8 25. Rxc6 Rxc6 26. a3 Nd5 27. g4 Nxe3 28. fxe3 Bxa3 29. Rd1 Rc3 30. d5 Rxe3
31. Bd4 Rxb3 32. Bxa7 exd5 33. Ba2 Rd3 34. Bxd5+ Kf8 35. Rxd3 exd3 36. gxf5 Bxf5 37. Be3 Bb4 38. Bb3 Bg4 39. Kf1 d2 40. Bc2 d1=Q+
41. Bxd1 Bxd1 42. Bc1 Bc3 43. Be3 Kf7 44. Bc1 b4 45. Kf2 b3 46. Ke3 b2 47. Bxb2 Bxb2 48. Kd2 Bg4
0-1

[Event "INDIAN OPEN (superfast Ko)#2"]
[Site "SchemingMind.com"]
[Date "2014.11.19"]
[Round "-"]
[White "Clive Everill"]
[Black "Holty"]
[Result "1/2-1/2"]
[WhiteCountry "CZE"]
[BlackCountry "ENG"]
[WhiteElo "1688"]
[WhiteRD "54"]
[BlackElo "1705"]
[BlackRD "61"]
[GameID "369188"]

1. e4 e6 2. d4 d5 3. Nc3 c5 4. exd5 exd5 5. Nf3 Be6 6. Bb5+ Nc6 7. O-O Nf6 8. Ne5 Rc8 9. Bg5 Be7 10. a4 O-O
11. f4 Nxe5 12. fxe5 Nd7 13. Bxe7 Qxe7 14. Be2 a6 15. Na2 f6 16. c3 fxe5 17. Rxf8+ Rxf8 18. dxe5 Nxe5 19. Qd2 Rd8 20. Nc1 c4
21. Na2 a5 22. Nc1 Bg4 23. Bxg4 Qc5+ 24. Kh1 Nxg4 25. g3 Nf2+ 26. Kg2 Rf8 27. b4 Qb6 28. b5 Ne4 29. Qxd5+ Kh8 30. Qxe4 Qf2+
31. Kh3 Qf1+ 32. Qg2 Qf7 33. Qe4 Re8 34. Qf4 Qe6+ 35. g4 Kg8 36. Na2 Rf8 37. Qg3 Qh6+ 38. Kg2 Qd2+ 39. Kg1 Re8 40. h4 b6
41. g5 Re3 42. Qb8+ Kf7 43. Rf1+ Kg6 44. Qxb6+ Kh5 45. Qc7 Rh3 46. Rf2 Qe1+ 47. Rf1 Rh1+ 48. Kxh1 Qxf1+ 49. Kh2 Qf2+ 50. Kh1 Qf1+
51. Kh2 Qf2+ 52. Kh1=
1/2-1/2

[Event "INDIAN OPEN (superfast Ko)#2"]
[Site "SchemingMind.com"]
[Date "2014.11.19"]
[Round "-"]
[White "Holty"]
[Black "Clive Everill"]
[Result "1/2-1/2"]
[WhiteCountry "ENG"]
[BlackCountry "CZE"]
[WhiteElo "1705"]
[WhiteRD "61"]
[BlackElo "1688"]
[BlackRD "54"]
[GameID "369189"]

1. d4 f5 2. g3 Nf6 3. Bg2 d6 4. Nf3 g6 5. b3 Bg7 6. Bb2 O-O 7. O-O a5 8. c4 c6 9. Nc3 Na6 10. a3 Bd7
11. Nd2 Ne8 12. e3 e5 13. Qe2 Nec7 14. Na4 Ne6 15. dxe5 dxe5 16. Rac1 Nac5 17. Nxc5 Nxc5 18. Rfd1 Qc7 19. Bc3 b6 20. Ba1 Rfd8
21. f4 Re8 22. Qf1 e4 23. Bxg7 Kxg7 24. Rc2 Rad8 25. Qe2 Bc8 26. Bf1 Nd3 27. Qg2 Nc5 28. Be2 Re6 29. Qf2 Red6 30. Qe1 R8d7
31. b4 axb4 32. axb4 Nd3 33. Bxd3 Rxd3 34. Kf2 Qd8 35. Ra2 Bb7 36. Ke2 Qe7 37. b5 cxb5 38. cxb5 Qb4 39. Rb1 Rxd2+ 40. Rxd2 Rxd2+
41. Qxd2 Qxb1 42. Qd7+ Kh6 43. Qxb7 Qxb5+ 44. Kd2 Qd3+ 45. Ke1 Qxe3+ 46. Kf1 Qd3+ 47. Kg2 Qf3+ 48. Kg1 Qb3 49. Kg2 e3 50. Qe7 Qb2+
51. Kh3 e2 52. Qg5+ Kg7 53. Qe7+ Kh6=
1/2-1/2

[Event "INDIAN OPEN (superfast Ko)#2"]
[Site "SchemingMind.com"]
[Date "2014.11.19"]
[Round "-"]
[White "spoke"]
[Black "Massey Ferguson"]
[Result "1-0"]
[WhiteCountry "GER"]
[BlackCountry "ENG"]
[WhiteElo "1831"]
[WhiteRD "70"]
[BlackElo "1900"]
[BlackRD "93"]
[GameID "369193"]

1. e4 e5 2. Nf3 d5 3. Nxe5 Bd6 4. d4 dxe4 5. Bc4 Bxe5 6. Qh5 Qe7 7. Qxe5 Qxe5 8. dxe5 Ne7 9. Nc3 Ng6 10. Nxe4 Nxe5
11. Bb3 O-O 12. Bf4 Nbc6 13. O-O-O Bf5 14. Rhe1 Rad8 15. Rxd8 Rxd8 16. Ng5 h6 17. Bxe5 hxg5 18. Bxc7 Rc8 19. Bd6 Nd4 20. c3 Nxb3+
21. axb3 Be6 22. b4 g4 23. Re3 g6 24. f3 gxf3 25. Rxf3 a6 26. Be5 Rd8 27. Bf6 Rd7 28. Rf4 Bf5 29. Rh4
1-0

[Event "INDIAN OPEN (superfast Ko)#2"]
[Site "SchemingMind.com"]
[Date "2014.11.19"]
[Round "-"]
[White "Massey Ferguson"]
[Black "spoke"]
[Result "1-0"]
[WhiteCountry "ENG"]
[BlackCountry "GER"]
[WhiteElo "1900"]
[WhiteRD "93"]
[BlackElo "1831"]
[BlackRD "70"]
[GameID "369194"]

1. d4 Nf6 2. Nf3 g6 3. Nc3 Bg7 4. e4 d6 5. h3 a6 6. Bc4 b5 7. Bd3 Bb7 8. Be3 b4 9. e5 dxe5 10. dxe5 bxc3
11. exf6 Bxf6 12. b3 O-O 13. Bh6 Bg7 14. Bxg7 Kxg7 15. O-O Qd6 16. Qe2 Nd7 17. Rad1 Qf6 18. Rfe1 Bxf3 19. Qxf3 Qxf3 20. gxf3 e6
21. Bxg6 Nf6 22. Be4 Rad8 23. Rxd8 Rxd8 24. Re3 Rd1+ 25. Kg2 Nd5 26. Bxd5 Rxd5 27. Rxc3 c5 28. Rc4 f5 29. f4 Kf6 30. Kf3 h5
31. Ke3 h4 32. Ra4 Rd6 33. f3 Ke7 34. Rc4 Rd5 35. Ra4 Rd6 36. Ra5 Rc6 37. Kd3 Kd6 38. Kc4 Kc7 39. Rxc5
1-0

[Event "INDIAN OPEN (superfast Ko)#2"]
[Site "SchemingMind.com"]
[Date "2014.11.18"]
[Round "-"]
[White "Phillip Beckett"]
[Black "idrum"]
[Result "1-0"]
[WhiteCountry "ENG"]
[BlackCountry "USA"]
[WhiteElo "1567"]
[WhiteRD "49"]
[BlackElo "1551"]
[BlackRD "74"]
[GameID "369197"]

1. e4 c5 2. Nf3 d6 3. d4 cxd4 4. Nxd4 Nf6 5. Nc3 a6 6. Bg5 e6 7. f4 Qb6 8. Nb3 Nbd7 9. Qf3 Qc7 10. Bd3 Be7
11. O-O-O b5 12. a3 Bb7 13. Rhe1 Nc5 14. Qe2 O-O 15. Nxc5 Qxc5 16. e5 Nd5 17. Nxd5 Bxg5 18. fxg5 Bxd5 19. exd6 Qxd6 20. h4 Qf4+
21. Kb1 Qxh4 22. Rh1 Qxg5 23. Bxh7+ Kh8 24. Be4+ Kg8 25. Rh5 Bc4 26. Qf3 f6 27. Rxg5 fxg5 28. Qh5
1-0

[Event "INDIAN OPEN (superfast Ko)#2"]
[Site "SchemingMind.com"]
[Date "2014.11.18"]
[Round "-"]
[White "idrum"]
[Black "Phillip Beckett"]
[Result "1-0"]
[WhiteCountry "USA"]
[BlackCountry "ENG"]
[WhiteElo "1551"]
[WhiteRD "74"]
[BlackElo "1567"]
[BlackRD "49"]
[GameID "369198"]

1. e4 e5 2. Nf3 Nc6 3. Bb5 a6 4. Ba4 Nf6 5. O-O Be7 6. Re1 b5 7. Bb3 O-O 8. c3 d5 9. exd5 Nxd5 10. Nxe5 Nxe5
11. Rxe5 Nf6 12. d4 Bd6 13. Re2 Ng4 14. h3 Qh4 15. f4 Qg3 16. hxg4 Bxg4 17. Qe1 Bxf4 18. Bxf4 Qxf4 19. Nd2 Bxe2 20. Qxe2 Rae8
21. Qf2 Qxf2+ 22. Kxf2 Kh8 23. Bc2 f5 24. Nf3 h6 25. Nh4 Kg8 26. Rh1 g5 27. Nxf5 Rf6 28. g4 Rd8 29. Kg3 Re8 30. Nxh6+ Kg7
31. Nf5+ Kg8 32. Bb3+ Kf8 33. Rh8#
1-0

[Event "INDIAN OPEN (superfast Ko)#2"]
[Site "SchemingMind.com"]
[Date "2014.12.19"]
[Round "-"]
[White "Massey Ferguson"]
[Black "Evans9EN"]
[Result "0-1"]
[WhiteCountry "ENG"]
[BlackCountry "WLS"]
[WhiteElo "1918"]
[WhiteRD "86"]
[BlackElo "1966"]
[BlackRD "79"]
[GameID "371395"]

1. e4 e5 2. Nf3 Nc6 3. Bb5 a6 4. Ba4 Nf6 5. O-O Be7 6. Re1 b5 7. Bb3 d6 8. h3 O-O 9. c3 Na5 10. Bc2 c5
11. d4 Qc7 12. dxe5 dxe5 13. Bg5 h6 14. Bh4 Be6 15. Bg3 Rfd8 16. Bxe5 Rxd1 17. Bxc7 Rxe1+ 18. Nxe1 Nc6 19. Nd2 Nd7 20. Nef3 Rc8
21. Bf4 Bf6 22. Be3 Nce5 23. Nxe5 Bxe5 24. f4 Bd4 25. Bxd4 cxd4 26. f5 dxc3 27. bxc3 Rxc3 28. fxe6 Rxc2 29. exf7+ Kxf7 30. Nb3 Nf6
31. e5 Nd5 32. Rf1+ Ke7 33. Nd4 Rxa2 34. e6 Kd6 35. Nf5+ Kxe6 36. Nxg7+ Kd7 37. Nf5 b4 38. Nd4 a5 39. Rb1 a4 40. g4 a3
0-1

[Event "INDIAN OPEN (superfast Ko)#2"]
[Site "SchemingMind.com"]
[Date "2014.12.19"]
[Round "-"]
[White "Evans9EN"]
[Black "Massey Ferguson"]
[Result "1-0"]
[WhiteCountry "WLS"]
[BlackCountry "ENG"]
[WhiteElo "1917"]
[WhiteRD "82"]
[BlackElo "1920"]
[BlackRD "85"]
[GameID "371396"]

1. d4 Nf6 2. c4 g6 3. Nf3 Bg7 4. Nc3 O-O 5. e4 d6 6. Be2 e5 7. O-O Re8 8. d5 Nbd7 9. Ne1 Nc5 10. f3 c6
11. Be3 cxd5 12. cxd5 b6 13. Nd3 Ba6 14. Nxc5 Bxe2 15. Ne6 fxe6 16. Qxe2 exd5 17. Nxd5 Nxd5 18. Qc4 Re7 19. Qxd5+ Kh8 20. Bg5 Bf8
21. Bf6+
1-0

[Event "INDIAN OPEN (superfast Ko)#2"]
[Site "SchemingMind.com"]
[Date "2014.12.17"]
[Round "-"]
[White "Scooter"]
[Black "Clive Everill"]
[Result "1-0"]
[WhiteCountry "USA"]
[BlackCountry "CZE"]
[WhiteElo "1778"]
[WhiteRD "45"]
[BlackElo "1688"]
[BlackRD "52"]
[GameID "371514"]

1. d4 d5 2. Nf3 c5 3. e3 Nf6 4. Bb5+ Bd7 5. Bxd7+ Nbxd7 6. c3 e6 7. O-O Bd6 8. Nbd2 c4 9. Re1 Qc7 10. e4 dxe4
11. Nxe4 Nxe4 12. Rxe4 Nf6 13. Re1 O-O 14. h3 Nd5 15. Qe2 Rae8 16. Bd2 f6 17. Be3 e5 18. dxe5 Bxe5 19. Nxe5 Rxe5 20. Qf3 Nxe3
21. Rxe3 Rfe8 22. Rae1 Rxe3 23. Rxe3 Rxe3 24. Qxe3 Qb8 25. Qe6+ Kf8 26. Qxc4 b5 27. Qb4+ Kf7 28. c4 a6 29. cxb5 Qxb5 30. Qxb5 axb5
31. b3 Ke6 32. Kf1 Kd5 33. Ke2 Kd4 34. Kd2 b4 35. h4 h6 36. h5 f5 37. g3 Ke4 38. Kc2 Kf3 39. a4 bxa3 40. b4 Ke4
41. Kb3
1-0

[Event "INDIAN OPEN (superfast Ko)#2"]
[Site "SchemingMind.com"]
[Date "2014.12.16"]
[Round "-"]
[White "Clive Everill"]
[Black "Scooter"]
[Result "0-1"]
[WhiteCountry "CZE"]
[BlackCountry "USA"]
[WhiteElo "1688"]
[WhiteRD "52"]
[BlackElo "1778"]
[BlackRD "45"]
[GameID "371515"]

1. e4 c6 2. d4 d5 3. Nd2 dxe4 4. Nxe4 Bf5 5. Nc5 b6 6. Nb3 Nf6 7. Nf3 e6 8. g3 Be7 9. Bg2 O-O 10. O-O h6
11. Nh4 Bh7 12. f4 Nd5 13. Nf3 Nb4 14. a3 Nd5 15. c4 Nf6 16. Ne5 Nfd7 17. Nxc6 Nxc6 18. Bxc6 Rc8 19. d5 Nc5 20. Nd4 exd5
21. Bxd5 Be4 22. Bxe4 Nxe4 23. Qd3 Nf6 24. Rd1 Bc5 25. Be3 Ng4 26. Bc1 a5 27. b3 Qd7 28. Bb2 Rfe8 29. Re1 Rxe1+ 30. Rxe1 Rd8
31. Rd1 h5 32. Kg2 Qb7+ 33. Kg1 Re8 34. Bc1 Nh6 35. Qf3 Nf5 36. Bb2 Qxf3
0-1

[Event "INDIAN OPEN (superfast Ko)#2"]
[Site "SchemingMind.com"]
[Date "2014.12.28"]
[Round "-"]
[White "idrum"]
[Black "Mastermind_13"]
[Result "0-1"]
[WhiteCountry "USA"]
[BlackCountry "USA"]
[WhiteElo "1574"]
[WhiteRD "76"]
[BlackElo "1680"]
[BlackRD "67"]
[GameID "371925"]

1. e4 c5 2. Nf3 e6 3. d4 cxd4 4. Nxd4 a6 5. Bd3 Nc6 6. Nxc6 bxc6 7. O-O Nf6 8. Bg5 Be7 9. Nd2 d5 10. Nf3 O-O
11. Nd4 Qb6 12. Be3 c5 13. Nb3 d4 14. Bd2 Bb7 15. Ba5 Qc6 16. Nd2 Bd8 17. Nc4 Nxe4 18. Qe1 Nd6 19. Ne3 dxe3 20. f3 Bxa5
21. Qxa5 c4 22. Be2 e5 23. Qxe5 Rfe8
0-1

[Event "INDIAN OPEN (superfast Ko)#2"]
[Site "SchemingMind.com"]
[Date "2014.12.28"]
[Round "-"]
[White "Mastermind_13"]
[Black "idrum"]
[Result "1-0"]
[WhiteCountry "USA"]
[BlackCountry "USA"]
[WhiteElo "1680"]
[WhiteRD "67"]
[BlackElo "1574"]
[BlackRD "76"]
[GameID "371926"]

1. e4 c5 2. Nf3 d6 3. d4 cxd4 4. Nxd4 Nf6 5. Nc3 a6 6. a4 e5 7. Nb3 Be7 8. Be2 Be6 9. O-O O-O 10. a5 Nc6
11. Be3 Nd7 12. f4 Bh4 13. f5 Bxb3 14. cxb3 Nxa5 15. Qxd6 Nxb3 16. Rad1 Bg5 17. Bxg5 Qxg5 18. Qxd7 Qe3+ 19. Kh1 Qb6 20. Nd5 Qa7
21. Ne7+ Kh8 22. Qc7 Nd4 23. Bf3 Qb8 24. Qc3
1-0

[Event "INDIAN OPEN (superfast Ko)#2"]
[Site "SchemingMind.com"]
[Date "2015.01.03"]
[Round "-"]
[White "Ramesh Panwar"]
[Black "mmccaffe"]
[Result "1-0"]
[WhiteCountry "IND"]
[BlackCountry "USA"]
[WhiteElo "2302"]
[WhiteRD "50"]
[BlackElo "1718"]
[BlackRD "59"]
[GameID "372388"]

1. e4 e5 2. Nf3 Nc6 3. Bb5 Nf6 4. O-O Nxe4 5. Re1 Nd6 6. Nxe5 Be7 7. Bf1 Nxe5 8. Rxe5 O-O 9. d4 Bf6 10. Re1 Re8
11. Bf4 b6 12. Bxd6 cxd6 13. Rxe8+ Qxe8 14. Nc3 Bb7 15. Qd2 d5 16. Re1 Qc8 17. g3 Qc6 18. Qf4 b5 19. Bg2 Qc4 20. Qf5 Qxd4
21. Qxd7
1-0

[Event "INDIAN OPEN (superfast Ko)#2"]
[Site "SchemingMind.com"]
[Date "2015.01.03"]
[Round "-"]
[White "mmccaffe"]
[Black "Ramesh Panwar"]
[Result "0-1"]
[WhiteCountry "USA"]
[BlackCountry "IND"]
[WhiteElo "1718"]
[WhiteRD "59"]
[BlackElo "2302"]
[BlackRD "50"]
[GameID "372389"]

1. e4 c5 2. Nf3 Nc6 3. Bb5 e5 4. Bxc6 dxc6 5. d3 Bd6 6. h3 Ne7 7. Nbd2 Bc7 8. Nc4 f6 9. Be3 b5 10. Ncd2 Bb6
11. a4 a5 12. O-O O-O 13. Nh2 Be6 14. f4 c4 15. Bxb6 Qxb6+ 16. Kh1 exf4 17. Rxf4 Rfd8 18. Qh5 cxd3 19. Rh4 dxc2 20. Qxh7+ Kf7
21. Ng4 Rxd2
0-1

[Event "INDIAN OPEN (superfast Ko)#2"]
[Site "SchemingMind.com"]
[Date "2015.01.25"]
[Round "-"]
[White "Ramesh Panwar"]
[Black "Mastermind_13"]
[Result "1-0"]
[WhiteCountry "IND"]
[BlackCountry "USA"]
[WhiteElo "2329"]
[WhiteRD "52"]
[BlackElo "1684"]
[BlackRD "73"]
[GameID "373673"]

1. e4 c5 2. Nf3 e6 3. Nc3 Nc6 4. Bb5 a6 5. Bxc6 bxc6 6. O-O d6 7. e5 d5 8. b3 Ne7 9. Ba3 Nf5 10. Na4 Qa5
11. Rc1 Be7 12. d3 O-O 13. Qe1
1-0

[Event "INDIAN OPEN (superfast Ko)#2"]
[Site "SchemingMind.com"]
[Date "2015.01.25"]
[Round "-"]
[White "Mastermind_13"]
[Black "Ramesh Panwar"]
[Result "0-1"]
[WhiteCountry "USA"]
[BlackCountry "IND"]
[WhiteElo "1684"]
[WhiteRD "73"]
[BlackElo "2329"]
[BlackRD "52"]
[GameID "373674"]

1. e4 e5 2. Nf3 Nc6 3. Bb5 Nf6 4. O-O Nxe4 5. d4 Be7 6. Re1 Nd6 7. Bxc6 dxc6 8. dxe5 Nf5 9. Qxd8+ Bxd8 10. Nc3 Nh4
11. Nxh4 Bxh4 12. Be3 Bf5
0-1

[Event "INDIAN OPEN (superfast Ko)#2"]
[Site "SchemingMind.com"]
[Date "2015.02.12"]
[Round "-"]
[White "Evans9EN"]
[Black "Scooter"]
[Result "1-0"]
[WhiteCountry "WLS"]
[BlackCountry "USA"]
[WhiteElo "1966"]
[WhiteRD "79"]
[BlackElo "1731"]
[BlackRD "44"]
[GameID "374346"]

1. d4 Nf6 2. c4 g6 3. Nc3 Bg7 4. e4 d6 5. Nf3 Bg4 6. Be2 O-O 7. Be3 Nbd7 8. O-O e5 9. d5 Nc5 10. Nd2 Bxe2
11. Qxe2 Qc8 12. Bxc5 dxc5 13. Nf3 Re8 14. Qe3 b6 15. Rfd1 Ng4 16. Qd2 Bh6 17. Qe2 Qb7 18. a3 c6 19. dxc6 Qxc6 20. Rd3 Rad8
21. Rxd8 Rxd8 22. h3 Nf6 23. Nxe5 Qe6 24. Nf3 Bf4 25. Re1 Bh6 26. e5 Ne8 27. Qe4 Qc8 28. Nd5 Qe6 29. Qh4
1-0

[Event "INDIAN OPEN (superfast Ko)#2"]
[Site "SchemingMind.com"]
[Date "2015.02.12"]
[Round "-"]
[White "Scooter"]
[Black "Evans9EN"]
[Result "0-1"]
[WhiteCountry "USA"]
[BlackCountry "WLS"]
[WhiteElo "1731"]
[WhiteRD "44"]
[BlackElo "1966"]
[BlackRD "79"]
[GameID "374347"]

1. d4 Nf6 2. Nf3 g6 3. Bf4 Bg7 4. e3 O-O 5. Be2 d6 6. O-O Nbd7 7. Nbd2 Re8 8. h3 e5 9. dxe5 dxe5 10. Bg5 h6
11. Bxf6 Qxf6 12. Ne4 Qe7 13. a3 Nb6 14. c4 Bf5 15. Nfd2 Rad8 16. Qb3 Be6 17. a4 f5 18. a5 fxe4 19. axb6 Rxd2 20. bxa7 Rxe2
21. a8=Q Rxa8 22. Rxa8+ Kh7 23. Qxb7 Bxc4 24. Rc1 Qf7 25. Qxe4 Bd5
0-1